000 00520nam a22001697a 4500
003 NUST - PNEC
005 20170116180805.0
008 150422b xxu||||| |||| 00| 0 eng d
040 _cLIBRARY
082 _a297.63 MAH
100 _92939
_aMahmud Brelvi
245 _aSeerat Al-Nabi: The life and times of the Great Prophet of Islam
_bProfessor Dr. Mahmud Brelvi
260 _aJamshoro,
_bInstitute of Sin dhology,
300 _a251 p. :
_c22 cm.
650 _92942
_aIslam, Prophet (PBUH)
_xGeneral
942 _2ddc
_cBK
999 _c63169
_d63169